| 000 | 00587nam a2200169Ia 4500 | ||
|---|---|---|---|
| 008 | 090711s9999 xx 000 0 und d | ||
| 082 | _b56332 | ||
| 100 | _aकोप्पीकर गौ. रा. | ||
| 245 | _aद्राक्षांSाी बाग | ||
| 260 |
_bउद्यम प्रकाशन _c1979 |
||
| 300 | _a134 | ||
| 600 | _aकोप्पीकर गौ. रा. | ||
| 630 | _aद्राक्षांSाी बाग | ||
| 700 | _aकोप्पीकर गौ. रा. | ||
| 730 | _aद्राक्षांSाी बाग | ||
| 942 | _cBOOK | ||
| 999 |
_c328959 _d328959 |
||